Top 10 Best NBA Teams to Never Win a Championship - Statistics

General Stats
  • This quiz has been taken 32 times
  • The average score is 6 of 10
Answer Stats
Rank Year Answer % Correct
1. 2016 Golden State Warriors
93%
10. 2004 Los Angeles Lakers
90%
5. 1997 Utah Jazz
73%
3. 2018 Houston Rockets
60%
4. 1993 Phoenix Suns
57%
6. 2016 San Antonio Spurs
57%
2. 1973 Boston Celtics
53%
9. 2005 Phoenix Suns
47%
8. 2002 Sacramento Kings
47%
7. 1978 Portland Trail Blazers
23%
No matching quizzes found
Score Distribution
Percent of People with Each Score
Percentile by Number Answered
Your Score History
You have not taken this quiz